Die Münzen, Masse und Gewichte aller Länder der Erde einzeln berechnet nach ihren Werthen und Verhältnissen zu allen deutschen Münzen, Massen und Gewichten

Salvato in:
Dettagli Bibliografici
Natura: Libro
Lingua:tedesco
Pubblicazione: Leipzig Moritz Kuhl 1861
Tags: Aggiungi Tag
Nessun Tag, puoi essere il primo ad aggiungerne!!

MARC

LEADER 00000nam a2200000 4500
001 0306948
005 20250211112824.6
041 0 |a ger 
044 |a DE 
245 1 0 |a Die Münzen, Masse und Gewichte aller Länder der Erde einzeln berechnet nach ihren Werthen und Verhältnissen zu allen deutschen Münzen, Massen und Gewichten  |c Fr. Silber 
264 1 |a Leipzig  |b Moritz Kuhl  |c 1861